000 00999cas a22002897a 4500
005 20220329142320.0
008 000614u1984 mx zr pernn 0 b1spa d
010 _a81550
011 _a82522
035 _a93020
245 0 0 _aCuadernos CEDERU
_c/por Colegio de Postgraduados. Centro de Estudios de Desarrollo Rural
260 0 _aChapingo, Méx. :
_bColegio de Postgraduados. Centro de Estudios de Desarrollo Rural,
_c1984-
300 _av.
310 _aIrregular
362 _an.3,1985.
500 _aSe dejó de recibir a partir de n.4,1986.
590 _aBATCH-UPD
_b10
_c20130110
_lUCH01
_h2040
590 _aBATCH-UPD
_b10
_c20130410
_lUCH01
_h1354
590 _aBATCH-UPD
_b10
_c20130914
_lUCH01
_h1208
590 _aCONVERSION
_b10
_c20130109
_lUCH01
_h1345
650 1 4 _aDesarrollo rural
_xPublicaciones periódicas.
_932073
866 _an.1-5,7-8 (1984-1985)
866 _an.1,3-4 (1986)
866 _an.10-11,14 (1985)
901 _aSE
905 _aLilia Sánchez G.
999 _c81550
_d81550